000
00324nam a2200133Ia 4500
008
150201s2009 xx 000 0 und d
082
_a
614
_b
S09D
100
_a
DALA,AJIT K.
245
_a
SOCIAL DIAMEMSION OF HEALTH
250
_a
1ST
260
_b
RAWAT PUB.
_a
DELHI
_c
2009
650
_a
COMMUNITY MEDICINE
942
_2
ddc
_c
BK
999
_c
1229
_d
1229